KOHA-Header-6

Principles of Management (Record no. 1342)

000 -LEADER
fixed length control field 00329nam a2200133Ia 4500
008 - FIXED-LENGTH DATA ELEMENTS--GENERAL INFORMATION
fixed length control field 190723s9999 xx 000 0 und d
020 ## - INTERNATIONAL STANDARD BOOK NUMBER
International Standard Book Number 978-983-47-1194-8
100 ## - MAIN ENTRY--PERSONAL NAME
Personal name Norlida Kamaluddin
245 #0 - TITLE STATEMENT
Title Principles of Management
250 ## - EDITION STATEMENT
Edition statement 2rd
260 ## - PUBLICATION, DISTRIBUTION, ETC. (IMPRINT)
Place of publication, distribution, etc New York
Name of publisher, distributor, etc Oxford University
Date of publication, distribution, etc 2014
300 ## - PHYSICAL DESCRIPTION
Extent 388
942 ## - ADDED ENTRY ELEMENTS (KOHA)
Koha item type Books
Holdings
Withdrawn status Lost status Damaged status Not for loan Collection code Permanent Location Current Location Shelving location Date acquired Total Checkouts Full call number Barcode Date last seen Date checked out Price effective from Koha item type
        Management MAJU MAJU   2019-07-23 1 658.4 7967 2021-08-31 2020-11-12 2019-07-23 Management

Powered by Koha